000 01137nam a22003737a 4500
001 BR7800012
003 BR-BrBNA
005 20230928085517.0
007 ta
008 230509b bl.||||| |||| 00| 0 por d
040 _aBR-BrBNA
_bpor
_cBiblioteca Nacional de Agricultura
041 _a(Por)
072 _aL00; L30
090 _ L00 BR7800012
110 1 _aSociedade Brasileira de Zootecnia, Recife, PE
_99821
111 1 _a14. Reuniao Anual da Sociedade Brasileira de Zootecnia
_cRecife, PE (Brazil)
_d17 Jul 1977
245 1 _aAnais da 14. Reuniao Anual da Sociedade Brasileira de Zootecnia [Avicultura; Suinocultura; Cunicultura; Bovinocultura; Equideocultura; Pastagem; Nutricao animal]
260 3 _aRecife, PE (Brasil):
_c1977.
300 _a374 p.
500 _aSummary only
650 _aProducao animal
650 _aNutricao animal
650 _aAvicultura
650 _aBovino
650 _aEquino
650 _aSuino
650 _aCoelho
650 _aPastagem
650 _aValor nutritivo
650 _aRacao
650 _aArracoamento
909 _a202309
_bLucia
_c55
_dLucia Elande
942 _cBK
999 _c24827
_d24827